Rubber plantations (Record no. 75046)

MARC details
000 -LEADER
fixed length control field 00403nam a22001337a 4500
020 ## - INTERNATIONAL STANDARD BOOK NUMBER
ISBN 9 781642 243550
082 ## - DEWEY DECIMAL CLASSIFICATION NUMBER
Classification number NR:338.43.01
Item number SAB
100 ## - MAIN ENTRY--AUTHOR NAME
Personal name SABU, Thomas etal
245 ## - TITLE STATEMENT
Title Rubber plantations
260 ## - PUBLICATION, DISTRIBUTION, ETC. (IMPRINT)
Place of publication Delaware, US
Name of publisher Excelic Press LLC
Year of publication 2020
300 ## - PHYSICAL DESCRIPTION
Number of Pages 270p.
650 ## - SUBJECT ADDED ENTRY--TOPICAL TERM
Topical Term Rubber planation history
-- Rubber plantations China
-- Rubber chronosequence
-- Rubber seeds CO2 footprint
942 ## - ADDED ENTRY ELEMENTS (KOHA)
Koha item type Books
Holdings
Withdrawn status Lost status Damaged status Not for loan Home library Current library Date acquired Source of acquisition Full call number Accession Number Koha item type
        RRII Library RRII Library 15/09/2023 M/s. Satish Serials, New Delhi NR:338.43.01 SAB 23597 Books